[Event "Vaujany"]
[Site "?"]
[Date "2015.07.16"]
[Round "8.11"]
[White "Ravot, Sylvain"]
[Black "Bulmaga, Irina"]
[Result "1-0"]
[WhiteElo "2238"]
[BlackElo "2393"]
[Annotator "Sylvain Ravot"]
[PlyCount "119"]
[SourceDate "2015.07.09"]

1. c4 Nf6 2. Nc3 c5 3. g3 Nc6 4. Bg2 g6 5. Nf3 Bg7 6. O-O d6 7. d4 cxd4 8. Nxd4
Bd7 9. Nc2 O-O 10. b3 Qc8 11. Bb2 Bh3 12. Ne3 Nh5 13. Rb1 Bxg2 14. Kxg2 f5 15.
Nb5 a6 16. Bxg7 Kxg7 17. Nd4 e6 18. Nf3 Qc7 19. Qd2 Rad8 20. Rfd1 Kg8 21. Rbc1
Qe7 22. Qb2 f4 23. Ng4 Ng7 24. Nh6+ Kh8 25. g4 e5 26. h4 Ne6 27. g5 Ng7 28. Ng4
{(0h11)} e4 29. Nd2 Rf5 $5 {(0h09)} 30. Nf6 Re5 31. Ng4 Re6 32. Qc3 Rf8 33. Rh1
Ne5 34. Nf6 Nd7 35. Nd5 Qf7 36. Rh3 Qf5 37. Rch1 Kg8 38. Kf1 Nh5 39. Ke1 e3 $5
40. fxe3 Ng3 41. Nxf4 Qg4 42. Rg1 Rxf4 43. Rhxg3 Qh5 44. Qd3 Nc5 45. Qd5 Rf5
46. Qd4 Rfe5 47. Qf4 {(0h07)} Rf5 48. Qd4 Rfe5 49. b4 {(0h01)} Ne4 50. Rg4 Nxd2
51. Kxd2 Rxe3 (51... h6) 52. Qxe3 Rxe3 53. Kxe3 Kf7 54. Re4 h6 55. Rf1+ Kg7 56.
Re7+ Kg8 57. Re8+ Kg7 58. Re7+ Kg8 59. Re8+ Kg7 60. Ref8 1-0

[Event "Vaujany"]
[Site "?"]
[Date "2015.07.16"]
[Round "8.12"]
[White "Skomorokhin, Roman"]
[Black "Bandet, Raphael"]
[Result "1-0"]
[WhiteElo "2381"]
[BlackElo "2165"]
[PlyCount "95"]
[SourceDate "2015.07.09"]

1. d4 Nf6 2. Nf3 g6 3. Bf4 Bg7 4. e3 O-O 5. Be2 d5 6. c3 b6 7. Nbd2 Bb7 8. O-O
c5 9. b4 cxb4 10. cxb4 Nh5 11. Bg5 h6 12. Bh4 g5 13. Ne5 Bxe5 14. dxe5 Ng7 15.
Bg3 Nf5 16. Nf3 Nd7 17. Qd3 e6 18. Rac1 Rc8 19. Rxc8 Qxc8 20. h3 Nxg3 21. fxg3
Qc7 22. Qd4 f6 23. Qg4 f5 24. Qd4 Kh8 25. Bb5 Nb8 26. g4 f4 27. h4 a6 28. Ba4
b5 29. Bb3 Nc6 30. Qc5 Qg7 31. hxg5 fxe3 32. gxh6 Qxh6 33. g5 Qg7 34. Qxe3 Nxb4
35. Nd4 Rxf1+ 36. Kxf1 Qf7+ 37. Kg1 Kg7 38. Qh3 a5 39. Nxe6+ Kg8 40. Nd8 Qe7
41. Nxb7 Qxb7 42. a3 a4 43. Bd1 Qb6+ 44. Kh2 Qd4 45. Qe6+ Kg7 46. Qf6+ Kg8 47.
g6 Qa7 48. Bg4 1-0

[Event "Vaujany"]
[Site "?"]
[Date "2015.07.16"]
[Round "8.13"]
[White "Yao, Stefano"]
[Black "Foisor, Ovidiu-Doru"]
[Result "1/2-1/2"]
[WhiteElo "2231"]
[BlackElo "2374"]
[PlyCount "60"]
[SourceDate "2015.07.09"]

1. Nf3 d5 2. d4 Nf6 3. c4 e6 4. Nc3 Nbd7 5. cxd5 exd5 6. Bg5 Bb4 7. e3 c5 8.
Bd3 Qa5 9. Qc2 c4 10. Bf5 O-O 11. O-O Re8 12. Nd2 g6 13. Bh3 Bxc3 14. Qxc3 Qxc3
15. bxc3 Ne4 16. Nxe4 dxe4 17. Bg4 Nb6 18. Be2 Be6 19. Rfc1 Kg7 20. Rab1 f6 21.
Bf4 Re7 22. Bd6 Rd7 23. Bg3 Rc8 24. Kf1 h5 25. Ke1 Nd5 26. Kd2 b6 27. Rb2 Rc6
28. Bd1 a6 29. a4 Kh6 30. h4 Bf5 1/2-1/2

[Event "Vaujany"]
[Site "?"]
[Date "2015.07.17"]
[Round "8.14"]
[White "Vitalyos, Marton"]
[Black "Geenen, Marc"]
[Result "0-1"]
[WhiteElo "2090"]
[BlackElo "2231"]
[PlyCount "84"]
[SourceDate "2015.07.09"]

1. c4 e5 2. Nc3 Nf6 3. g3 c6 4. d4 exd4 5. Qxd4 d5 6. Bg2 Be6 7. cxd5 cxd5 8.
Nf3 Nc6 9. Qa4 Bc5 10. O-O O-O 11. Ng5 a6 12. Nxe6 fxe6 13. Qc2 Ng4 14. e3 Qe7
15. h3 Nge5 16. Qe2 Rad8 17. f4 d4 18. fxe5 Rxf1+ 19. Qxf1 dxc3 20. bxc3 Nxe5
21. Kh2 Nd3 22. Bd2 Bd6 23. e4 Bc7 24. Be1 Nxe1 25. Qxe1 Rd3 26. e5 Qg5 27. Rd1
Rxg3 28. Rd8+ Qxd8 29. Qxg3 Qb8 30. Kh1 Bxe5 31. Qf3 Qd6 32. c4 b6 33. Qa8+ Kf7
34. Qb7+ Kf6 35. Qf3+ Bf4 36. Qc3+ Qe5 37. Qf3 Qe3 38. Qxe3 Bxe3 39. Bb7 a5 40.
a4 Kg5 41. Kg2 Kf4 42. Kf1 Kg3 0-1

[Event "Vaujany"]
[Site "?"]
[Date "2015.07.16"]
[Round "8.16"]
[White "Navrotescu, Catalin"]
[Black "Georges, Thomas"]
[Result "1-0"]
[WhiteElo "2407"]
[BlackElo "2089"]
[PlyCount "43"]
[SourceDate "2015.07.09"]

1. d4 Nf6 2. c4 g6 3. Nc3 Bg7 4. e4 d6 5. Nge2 Nbd7 6. f3 c5 7. Be3 O-O 8. Qd2
cxd4 9. Nxd4 a6 10. Be2 Nc5 11. O-O Ne6 12. Nc2 Bd7 13. Rfd1 Nc7 14. Rac1 Bc6
15. b4 b5 16. Nd4 Qd7 17. Nxc6 Qxc6 18. cxb5 Qb7 19. b6 Ne6 20. Nd5 Rfc8 21. a4
Nd8 22. Nc7 1-0

[Event "Vaujany"]
[Site "?"]
[Date "2015.07.16"]
[Round "8.17"]
[White "Saiah, Karim"]
[Black "Houard, Sebastien"]
[Result "0-1"]
[WhiteElo "1971"]
[BlackElo "2162"]
[PlyCount "106"]
[SourceDate "2015.07.09"]

1. d4 d5 2. c4 e6 3. e3 Nf6 4. Nc3 c6 5. Nf3 Bd6 6. Bd3 O-O 7. O-O Nbd7 8. b3
Qe7 9. e4 Bb4 10. e5 Bxc3 11. exf6 Nxf6 12. Rb1 h6 13. Qc2 Ba5 14. Ne5 Rd8 15.
c5 Nd7 16. f4 f5 17. b4 Bc7 18. g4 Bxe5 19. fxe5 Qh4 20. Be3 Qxg4+ 21. Kh1 g5
22. Rbe1 Nf8 23. Re2 Rd7 24. Rg2 Qh5 25. Be2 Qg6 26. Rfg1 Rg7 27. Qd1 Bd7 28.
h4 Be8 29. Bxg5 hxg5 30. Rxg5 Qxg5 31. Rxg5 Rxg5 32. hxg5 Kg7 33. Qb3 a6 34.
Qh3 Rd8 35. Qh6+ Kg8 36. Kg1 Rd7 37. Kf2 Bg6 38. Qh4 Rh7 39. Qg3 f4 40. Qg1 Rh3
41. a4 Be4 42. b5 axb5 43. axb5 cxb5 44. Qg4 Rh2+ 45. Ke1 b4 46. Bd1 f3 47.
Bxf3 b3 48. Qf4 b2 49. Bxe4 dxe4 50. Qxh2 b1=Q+ 51. Kf2 Qb2+ 52. Kg3 Qxd4 53.
Kg4 Qd1+ 0-1

[Event "Vaujany"]
[Site "?"]
[Date "2015.07.16"]
[Round "8.18"]
[White "Gautier, Anand"]
[Black "Gazik, Renata"]
[Result "0-1"]
[WhiteElo "2161"]
[BlackElo "2040"]
[PlyCount "74"]
[SourceDate "2015.07.09"]

1. e4 c6 2. d4 d5 3. Nc3 dxe4 4. Nxe4 Nf6 5. Nxf6+ exf6 6. Nf3 Bd6 7. Be3 Qb6
8. Qc1 O-O 9. Be2 Bg4 10. h3 Bh5 11. c3 Re8 12. Qd2 f5 13. g4 f4 14. gxh5 fxe3
15. fxe3 Bg3+ 16. Kf1 Nd7 17. Kg2 Qc7 18. h6 g6 19. Bc4 Re7 20. Rhf1 Nb6 21.
Bd3 Nd5 22. e4 Bf4 23. Qf2 Ne3+ 24. Kh1 Nxf1 25. Rxf1 Bxh6 26. Nh2 Bg7 27. Ng4
b5 28. e5 h5 29. Nf6+ Bxf6 30. exf6 Re6 31. Qd2 Qg3 32. Bf5 Re3 33. Bd7 Rd8 34.
Bxc6 Qxh3+ 35. Kg1 Qg4+ 36. Bg2 Re2 37. Rf2 Rxd2 0-1

[Event "Vaujany"]
[Site "?"]
[Date "2015.07.16"]
[Round "8.19"]
[White "Adda, Olivier"]
[Black "Marco, Mina"]
[Result "1-0"]
[WhiteElo "2104"]
[BlackElo "2052"]
[PlyCount "61"]
[SourceDate "2015.07.09"]

1. d4 e6 2. e4 d5 3. Nd2 Be7 4. Bd3 c5 5. dxc5 Nf6 6. e5 Nfd7 7. f4 a5 8. Ngf3
Nc6 9. O-O Bxc5+ 10. Kh1 a4 11. c3 Be3 12. Nb1 Bxc1 13. Qxc1 Nc5 14. Bc2 b6 15.
Qe3 Ba6 16. Re1 Na5 17. Nbd2 Nc4 18. Nxc4 dxc4 19. Rad1 Qc7 20. f5 exf5 21.
Bxf5 g6 22. e6 f6 23. Rd7 Qb8 24. Qd4 O-O 25. e7 Re8 26. Qxf6 Qf4 27. Be6+ Nxe6
28. Qxe6+ Kg7 29. Nd4 Kh6 30. Kg1 Bc8 31. Qh3+ 1-0

[Event "Vaujany"]
[Site "?"]
[Date "2015.07.17"]
[Round "9.1"]
[White "Moradiabadi, Elshan"]
[Black "Horvath, Jozsef"]
[Result "1-0"]
[WhiteElo "2567"]
[BlackElo "2535"]
[PlyCount "51"]
[SourceDate "2015.07.09"]

1. d4 e6 2. c4 f5 3. g3 Nf6 4. Bg2 Be7 5. Nf3 O-O 6. O-O d6 7. b3 Ne4 8. Bb2
Bf6 9. Nbd2 Nc6 10. Ne1 Nc5 11. e3 a5 12. f4 Na6 13. a3 d5 14. Nd3 b6 15. b4
Nab8 16. b5 Ne7 17. a4 Bb7 18. Ba3 Nd7 19. Rc1 Rc8 20. c5 c6 21. Qb3 Kh8 22.
cxb6 Qxb6 23. Ne5 Nb8 24. Bc5 Qd8 25. Qa3 Qe8 26. Nb3 1-0

[Event "Vaujany"]
[Site "?"]
[Date "2015.07.17"]
[Round "9.2"]
[White "Libiszewski, Fabien"]
[Black "Cornette, Matthieu"]
[Result "1/2-1/2"]
[WhiteElo "2543"]
[BlackElo "2582"]
[PlyCount "63"]
[SourceDate "2015.07.09"]

1. e4 c5 2. Nf3 Nc6 3. Bb5 d6 4. O-O Bd7 5. Re1 Nf6 6. c3 a6 7. Bf1 Bg4 8. h3
Bxf3 9. Qxf3 g6 10. d3 Bg7 11. Be3 O-O 12. Nd2 Nd7 13. Qd1 b5 14. Nf3 Nde5 15.
Nxe5 Nxe5 16. d4 cxd4 17. cxd4 Nc4 18. Bxc4 bxc4 19. Qa4 d5 20. Rac1 e6 21.
exd5 exd5 22. b3 cxb3 23. axb3 Re8 24. Rc5 Bh6 25. Qc6 Re6 26. Qxd5 Qxd5 27.
Rxd5 Rae8 28. Ra5 Bxe3 29. fxe3 Rxe3 30. Rxe3 Rxe3 31. Rxa6 Rxb3 32. Kf2
1/2-1/2

[Event "Vaujany"]
[Site "?"]
[Date "2015.07.17"]
[Round "9.3"]
[White "Gavrilov, Alexei"]
[Black "Nevednichy, Vladislav"]
[Result "1-0"]
[WhiteElo "2411"]
[BlackElo "2558"]
[PlyCount "64"]
[SourceDate "2015.07.09"]

1. d4 g6 2. e4 Bg7 3. Nf3 d6 4. c3 Nc6 5. Bc4 Nf6 6. Qe2 Bg4 7. h3 Bxf3 8. Qxf3
O-O 9. Bg5 h6 10. Bh4 e5 11. d5 Nb8 12. O-O Nbd7 13. Rd1 Qe8 14. Bb5 a6 15. Ba4
Nh7 16. Qg4 b5 17. Bc2 Nb6 18. Nd2 Kh8 19. Nf1 Bf6 20. Bg3 h5 21. Qe2 h4 22.
Bh2 Bg5 23. Re1 Nf6 24. Qd1 Kg7 25. a4 c5 26. axb5 axb5 27. Qe2 Qd7 28. Ne3
Rfb8 29. Reb1 Ra7 30. Ng4 Nxg4 31. Rxa7 Qxa7 32. Qxg4 Bf6 {etc. - illisible}
1-0

[Event "Vaujany"]
[Site "?"]
[Date "2015.07.17"]
[Round "9.4"]
[White "Poulet, Pierre-Emmanuel"]
[Black "Van Foreest, Jorden"]
[Result "0-1"]
[WhiteElo "2299"]
[BlackElo "2514"]
[PlyCount "64"]
[SourceDate "2015.07.09"]

1. e4 e5 2. Nf3 Nc6 3. Bb5 g6 4. c3 d6 5. d4 Bd7 6. O-O Bg7 7. d5 Nce7 8. Bxd7+
Qxd7 9. c4 h6 10. Nc3 f5 11. Ne1 Nf6 12. f3 O-O 13. Nd3 c6 14. Be3 Rac8 15. Rc1
Kh7 16. Qa4 a6 17. c5 fxe4 18. fxe4 Ng4 19. Bd2 dxc5 20. Nxc5 Qd6 21. Nxb7 Qc7
22. Qxa6 Rxf1+ 23. Rxf1 cxd5 24. exd5 Nxd5 25. Nxd5 Qd7 26. Ne3 Qxd2 27. Nxg4
Rc2 28. Nf2 e4 29. Qd6 Qg5 30. g3 e3 31. Ne4 Qh5 32. Nf2 Qf3 0-1

[Event "Vaujany"]
[Site "?"]
[Date "2015.07.17"]
[Round "9.6"]
[White "Brunner, Nicolas"]
[Black "Skomorokhin, Roman"]
[Result "1/2-1/2"]
[WhiteElo "2425"]
[BlackElo "2381"]
[PlyCount "60"]
[SourceDate "2015.07.09"]

1. d4 Nf6 2. c4 e6 3. Nc3 Bb4 4. Nf3 b6 5. Bg5 Bb7 6. Nd2 Nc6 7. e3 h6 8. Bh4
Ne7 9. Bxf6 gxf6 10. Qb3 Ba5 11. Qa3 Nc6 12. d5 Nb4 13. Qb3 Na6 14. e4 Qe7 15.
O-O-O c6 16. Be2 Rc8 17. dxe6 dxe6 18. f4 Qc5 19. Rhf1 Ke7 20. a3 Rhd8 21. Qc2
Bxc3 22. Qxc3 Qd4 23. Qh3 Nc5 24. e5 Na4 25. Qb3 Nc5 26. Qh3 Na4 27. Qb3 Nc5
28. Qh3 Na4 29. Qb3 Nc5 30. Qh3 Na4 1/2-1/2

[Event "Vaujany"]
[Site "?"]
[Date "2015.07.17"]
[Round "9.7"]
[White "Geenen, Marc"]
[Black "Filip, Lucian"]
[Result "0-1"]
[WhiteElo "2231"]
[BlackElo "2419"]
[PlyCount "114"]
[SourceDate "2015.07.09"]

1. e4 c5 2. Nf3 e6 3. d4 cxd4 4. Nxd4 a6 5. Bd3 Bc5 6. Be3 d6 7. Nc3 Nd7 8. Qd2
Ngf6 9. f3 Qc7 10. a3 O-O 11. Nb3 Bxe3 12. Qxe3 b6 13. g4 Nc5 14. Nd4 b5 15. g5
Nh5 16. Nde2 e5 17. Nd5 Qd8 18. Ng3 Nf4 19. Nxf4 exf4 20. Qxf4 Ne6 21. Qe3 Qxg5
22. Qxg5 Nxg5 23. f4 Ne6 24. O-O Nc5 25. Rad1 Bb7 26. c3 Rfe8 27. Rfe1 g6 28.
Bc2 Rad8 29. Kf2 Kf8 30. Rd2 {(=)} Bc6 31. b4 Ne6 32. Ne2 Bb7 33. Red1 Ke7 34.
Ke3 Rd7 35. a4 Nc7 36. axb5 axb5 37. Rd4 Ra8 38. Bb3 Ra3 39. Rb1 Rd8 40. Rd2
Re8 41. Ng3 Na8 42. Ra2 Rxa2 43. Bxa2 Nb6 44. Kd4 Ra8 45. Bb3 Bc8 46. Nf1 Be6
47. Nd2 Bxb3 48. Rxb3 Ra2 49. Kd3 d5 50. Nf3 Nc4 51. exd5 f5 52. Kd4 Kd6 53.
Ne5 Rd2+ 54. Nd3 Re2 55. Nc5 Rd2+ 56. Nd3 Rxh2 57. Rb1 Na3 0-1

[Event "Vaujany"]
[Site "?"]
[Date "2015.07.17"]
[Round "9.8"]
[White "Daulyte, Deimante"]
[Black "Ravot, Sylvain"]
[Result "1/2-1/2"]
[WhiteElo "2369"]
[BlackElo "2238"]
[PlyCount "98"]
[SourceDate "2015.07.09"]

1. e4 e6 2. d4 d5 3. Nd2 Be7 4. e5 Nh6 5. Bd3 c5 6. c3 Nc6 7. Ndf3 cxd4 8. cxd4
Nf5 9. Ne2 Qb6 10. O-O h6 11. Rb1 Bd7 12. Bxf5 exf5 13. b4 Be6 14. Nc3 Rc8 15.
Na4 Qd8 16. Bd2 b5 17. Nc5 g5 18. Bc3 Rb8 19. Ne1 Bxc5 20. bxc5 b4 21. Ba1 Qa5
22. Qd2 Qa4 23. f4 g4 24. Nd3 Kd7 25. Rb3 a5 26. Rfb1 Kc7 27. Ne1 Rb5 28. Qd3
Rhb8 29. Nc2 R5b7 30. Ne3 Qb5 31. Qxb5 Rxb5 32. a4 R5b7 33. Bb2 Ne7 34. Bc1 Bd7
35. Ra1 Rh8 36. Bd2 Be6 37. Be1 Ng6 38. Ra2 Kc6 39. Rf2 h5 40. Rf1 Rg8 41. Nc2
Kc7 42. Bd2 Rbb8 43. Ne3 Kc6 44. Be1 Bc8 45. Rf2 Re8 46. Bd2 Ne7 47. Be1 Ng6
48. Bd2 Ne7 49. Be1 Ng6 1/2-1/2

[Event "Vaujany"]
[Site "?"]
[Date "2015.07.17"]
[Round "9.9"]
[White "Olivier, Jean-Christophe"]
[Black "Van Foreest, Lucas"]
[Result "1-0"]
[WhiteElo "2348"]
[BlackElo "2294"]
[PlyCount "161"]
[SourceDate "2015.07.09"]

1. e4 e5 2. Nf3 Nc6 3. Bb5 a6 4. Ba4 Nf6 5. Qe2 b5 6. Bb3 Bc5 7. c3 O-O 8. d3
d5 9. Bg5 dxe4 10. dxe4 h6 11. Bh4 Rb8 12. Nbd2 Be7 13. Rd1 Nd7 14. Bg3 Bd6 15.
Nf1 Re8 16. Ne3 Nc5 17. Bc2 Bd7 18. b4 Ne6 19. Nf5 Nf4 20. Bxf4 Bxf5 21. Bxh6
Be6 22. Bg5 f6 23. Be3 Bxa2 24. Ra1 Bc4 25. Bd3 Bxd3 26. Qxd3 Bf8 27. Qxd8
Rexd8 28. Rxa6 Ra8 29. Rxa8 Rxa8 30. Ke2 Ra2+ 31. Nd2 Nd8 32. Rb1 Ne6 33. g3
Bd6 34. Kd3 Kf7 35. Nb3 Ke8 36. h4 Kf7 37. Nc1 Ra3 38. Nb3 Ra2 39. Nc1 Ra3 40.
Kd2 Kg6 41. Rb2 f5 42. exf5+ Kxf5 43. Ra2 Rxa2+ 44. Nxa2 Ke4 45. Nc1 Kd5 46. f3
g6 47. Kd3 Ng7 48. Nb3 Nf5 49. Bf2 Be7 50. Be1 c6 51. Bf2 g5 52. h5 g4 53. fxg4
e4+ 54. Ke2 Nh6 55. g5 Bxg5 56. Be3 Bxe3 57. Kxe3 Ke5 58. Nd4 Ng4+ 59. Ke2 Kd5
60. Nf5 Nf6 61. h6 Kc4 62. Nd6+ Kd5 63. Nf5 Kc4 64. g4 Nh7 65. Nd4 Kxc3 66.
Nxc6 Kc4 67. Ke3 Kd5 68. Na7 Ke5 69. Nxb5 Kf6 70. Nc7 Kg6 71. b5 Nf6 72. b6
Nxg4+ 73. Kxe4 Nf6+ 74. Kd4 Nd7 75. b7 Nb8 76. Kd5 Kxh6 77. Ne6 Kg6 78. Nd8 Kf5
79. Nc6 Na6 80. Kc4 Ke6 81. Kb5 1-0

[Event "Vaujany"]
[Site "?"]
[Date "2015.07.17"]
[Round "9.10"]
[White "Foisor, Ovidiu-Doru"]
[Black "Dumitrache, Dragos-Nicolae"]
[Result "1/2-1/2"]
[WhiteElo "2374"]
[BlackElo "2423"]
[PlyCount "62"]
[SourceDate "2015.07.09"]

1. d4 d5 2. c4 c6 3. cxd5 cxd5 4. Nf3 Nc6 5. Nc3 Nf6 6. Bf4 Bf5 7. e3 e6 8. Bd3
Bxd3 9. Qxd3 Bd6 10. Bg3 O-O 11. O-O Bxg3 12. hxg3 Qd6 13. Qb5 Qb4 14. Qxb4
Nxb4 15. a3 Nc6 16. Rfc1 Rfc8 17. Na4 Nd7 18. Nc5 Nxc5 19. Rxc5 Ne7 20. Rac1
Rxc5 21. Rxc5 Rc8 22. Rxc8+ Nxc8 23. Nd2 Nd6 24. b3 Kf8 25. Kf1 Ke7 26. Ke2 Kd7
27. g4 h6 28. Kd3 Kc6 29. Nb1 a6 30. Nc3 Nb5 31. Nxb5 Kxb5 1/2-1/2

[Event "Vaujany"]
[Site "?"]
[Date "2015.07.17"]
[Round "9.12"]
[White "Foisor, Sabina-Francesca"]
[Black "Yao, Stefano"]
[Result "1/2-1/2"]
[WhiteElo "2202"]
[BlackElo "2231"]
[PlyCount "99"]
[SourceDate "2015.07.09"]

1. d4 Nf6 2. Bf4 g6 3. Nc3 d5 4. Qd2 Bg7 5. O-O-O O-O 6. f3 c5 7. dxc5 Nc6 8.
Bh6 d4 9. Bxg7 Kxg7 10. Nb5 Qd5 11. Kb1 Be6 12. b3 Qxc5 13. Nxd4 Rad8 14. e3
Bc8 15. Qc1 Nxd4 16. exd4 Rxd4 17. Bd3 Rfd8 18. Ne2 R4d6 19. h4 b6 20. g4 h5
21. gxh5 Nxh5 22. Rdg1 Bf5 23. Rg5 Rxd3 24. cxd3 Rxd3 25. Qxc5 bxc5 26. Kc1
Rxf3 27. Rhg1 Kf6 28. Ng3 Nxg3 29. R5xg3 Rf2 30. R1g2 Rf1+ 31. Kb2 e5 32. Rc3
Be4 33. Rg5 Rf2+ 34. Ka3 Bb1 35. Rxc5 Rxa2+ 36. Kb4 e4 37. Rc6+ Ke7 38. h5 gxh5
39. Rxh5 Bd3 40. Re5+ Kf8 41. Rf6 Rc2 42. Rc5 Rxc5 43. Kxc5 Ke7 44. Rh6 a6 45.
Kd4 f6 46. Ke3 Ke6 47. Kf4 Bc2 48. b4 Bd3 49. Rh5 Kd6 50. Rc5 1/2-1/2

[Event "Vaujany"]
[Site "?"]
[Date "2015.07.17"]
[Round "9.13"]
[White "Di Nicolantonio, Lucas"]
[Black "Houard, Sebastien"]
[Result "1-0"]
[WhiteElo "2421"]
[BlackElo "2162"]
[PlyCount "91"]
[SourceDate "2015.07.09"]

1. d4 d5 2. c4 e6 3. Nf3 Be7 4. Nc3 Nf6 5. Bf4 O-O 6. e3 b6 7. cxd5 Nxd5 8.
Nxd5 exd5 9. Bd3 Bb4+ 10. Nd2 Ba6 11. Bxa6 Nxa6 12. O-O Bxd2 13. Qxd2 Qd7 14.
Qd3 Nb4 15. Qc3 Na6 16. Qd3 Nb4 17. Qc3 Na6 18. b4 Rfc8 19. Rfc1 c6 20. h3 Qb7
21. a4 h6 22. Qa3 Nc7 23. Bg3 Ne6 24. a5 b5 25. Rc3 Re8 26. Qc1 Rac8 27. Qc2
Nd8 28. Rc1 Qe7 29. Qf5 Qe6 30. Qxe6 Rxe6 31. Rc5 Ra8 32. Bc7 Nb7 33. Rxc6 Rc8
34. R6c3 a6 35. f3 f6 36. Kf2 Kf7 37. Ke2 Ke8 38. Kd3 Kd7 39. e4 dxe4+ 40. fxe4
Ree8 41. d5 Ra8 42. Bf4 Kd8 43. Rc7 Ra7 44. Rc8+ Ke7 45. R1c7+ Kf8 46. Be3 1-0

[Event "Vaujany"]
[Site "?"]
[Date "2015.07.17"]
[Round "9.14"]
[White "Bulmaga, Irina"]
[Black "Gazik, Renata"]
[Result "1-0"]
[WhiteElo "2393"]
[BlackElo "2040"]
[PlyCount "67"]
[SourceDate "2015.07.09"]

1. e4 c6 2. d3 d5 3. Nd2 e5 4. Ngf3 Bd6 5. d4 exd4 6. exd5 c5 7. Ne4 Be7 8. c4
Nf6 9. Bd3 Nxe4 10. Bxe4 Nd7 11. O-O Nf6 12. Bc2 O-O 13. h3 b5 14. b3 Ba6 15.
Bd3 bxc4 16. bxc4 Bd6 17. Bg5 h6 18. Bh4 Rb8 19. Re1 Bf4 20. Ne5 Rb6 21. Nc6
Qd6 22. Qf3 Rb7 23. g3 g5 24. gxf4 gxh4 25. Kh1 Kh8 26. Re5 Rg8 27. Qe2 Rg7 28.
Rg1 Rxg1+ 29. Kxg1 Qf8 30. Kh2 Qg7 31. d6 Bxc4 32. Bxc4 Rb1 33. Re8+ Ng8 34.
Rxg8+ 1-0

[Event "Vaujany"]
[Site "?"]
[Date "2015.07.17"]
[Round "9.15"]
[White "Baudin, Frederic"]
[Black "Gazik, Igor"]
[Result "1/2-1/2"]
[WhiteElo "2025"]
[BlackElo "2327"]
[PlyCount "88"]
[SourceDate "2015.07.09"]

1. e4 c5 2. c3 Nf6 3. e5 Nd5 4. d4 cxd4 5. Nf3 Nc6 6. Bc4 Nb6 7. Bb3 d6 8. exd6
Qxd6 9. O-O d3 10. Na3 Bf5 11. Nb5 Qd8 12. Bf4 Rc8 13. Re1 e6 14. Nfd4 Nxd4 15.
Nxd4 Rc5 16. Qf3 Be7 17. Qxb7 O-O 18. Nc6 Rxc6 19. Qxc6 Bg5 20. Qf3 Bf6 21.
Rad1 Qd7 22. g4 Bg6 23. Qg3 Rd8 24. h4 h6 25. h5 Bh7 26. Be5 Bxe5 27. Qxe5 Qc6
28. g5 Nc4 29. Bxc4 Qxc4 30. gxh6 gxh6 31. Re3 Kf8 32. Qh8+ Ke7 33. Qxh7 Qg4+
34. Kh2 Qxh5+ 35. Rh3 Qxd1 36. Qxh6 Qg4 37. Rg3 Qe4 38. Qg5+ Ke8 39. Qb5+ Ke7
40. Qc5+ Kd7 41. Qxa7+ Kc8 42. Qc5+ Kb7 43. Qb5+ Kc7 44. Qa5+ Kc8 1/2-1/2

[Event "Vaujany"]
[Site "?"]
[Date "2015.07.17"]
[Round "9.18"]
[White "Laza, Szabolcs"]
[Black "Chung, Mathilde"]
[Result "1/2-1/2"]
[WhiteElo "2095"]
[BlackElo "1996"]
[PlyCount "62"]
[SourceDate "2015.07.09"]

1. d4 Nf6 2. c4 e6 3. Nc3 d5 4. Nf3 Nbd7 5. cxd5 exd5 6. Bg5 Bb4 7. e3 c5 8.
dxc5 Qa5 9. Bxf6 Nxf6 10. Qb3 Ne4 11. a3 Bxc3+ 12. bxc3 O-O 13. Qb4 Qxc5 14.
Rc1 Be6 15. Bd3 Rac8 16. Qxc5 Rxc5 17. Bxe4 dxe4 18. Nd4 Rfc8 19. Kd2 Bc4 20.
Ra1 Bd3 21. Rhc1 Rd8 22. Ra2 Rd6 23. Rb2 b6 24. Ne2 Bxe2+ 25. Kxe2 Rd3 26. Rd2
Rxd2+ 27. Kxd2 Kf8 28. c4 Ra5 29. Ra1 Rg5 30. Rg1 Ra5 31. Ra1 Rg5 1/2-1/2

[Event "Vaujany"]
[Site "?"]
[Date "2015.07.17"]
[Round "9.19"]
[White "Cordara, Michele"]
[Black "Vitalyos, Marton"]
[Result "0-1"]
[WhiteElo "1991"]
[BlackElo "2090"]
[PlyCount "68"]
[SourceDate "2015.07.09"]

1. c4 e5 2. g3 Nf6 3. Bg2 c6 4. b3 d5 5. Bb2 d4 6. Nf3 Qc7 7. O-O Be7 8. Qc2 c5
9. b4 cxb4 10. e3 d3 11. Qxd3 e4 12. Qe2 Bg4 13. h3 exf3 14. Bxf3 Bxf3 15. Qxf3
O-O 16. d4 Na6 17. Nd2 Qd7 18. Rfd1 h5 19. e4 Qxh3 20. e5 Ng4 21. Nf1 f5 22.
Qd5+ Kh8 23. f4 h4 24. Qxb7 hxg3 25. Rd3 Bh4 26. Qg2 Nf2 27. Rf3 Qxg2+ 28. Kxg2
Ne4 29. Ne3 Kg8 30. Rh1 Bd8 31. Nf1 Rc8 32. c5 Naxc5 33. dxc5 Rxc5 34. Bd4 Rc2+
0-1